|
|
|
|
| LEADER |
00000nas a2200000 a 4500 |
| 001 |
ssj0041562 |
| 003 |
WaSeSS |
| 005 |
20200512172242.0 |
| 006 |
m d |
| 007 |
cr n |
| 008 |
080228c19989999sp fr pss 0 0spa c |
| 010 |
|
|
|a 2008262240
|
| 022 |
|
|
|a 1989-4635
|l 1139-7861
|y 1139-7861
|
| 035 |
|
|
|a (WaSeSS)ssj0041562
|
| 040 |
|
|
|a CGU
|b eng
|c CGU
|d CGU
|d LGG
|d OCLCQ
|d OCLCO
|d OCLCQ
|d OCLCF
|d CUS
|d OCLCO
|d COO
|d OCLCQ
|d AU@
|d WaSeSS
|
| 042 |
|
|
|a pcc
|
| 050 |
1 |
4 |
|a G155.A1
|b C84
|
| 210 |
0 |
|
|a Cuad. tur.
|b (Internet)
|
| 222 |
|
0 |
|a Cuadernos de turismo
|b (Internet)
|
| 245 |
0 |
0 |
|a Cuadernos de turismo
|h [electronic resource].
|
| 260 |
|
|
|a Murcia :
|b Escuela Universitaria de Turismo, Universidad de Murcia,
|c 1998-
|
| 362 |
1 |
|
|a Print began with 1 (enero-jun. 1998).
|
| 506 |
|
|
|a License restrictions may limit access.
|
| 588 |
|
|
|a Description based on: No. 5 (2000); title from PDF running title (REDALYC Web site, viewed on Feb. 28, 2008).
|
| 588 |
|
|
|a Latest issue consulted: No. 19 (2007).
|
| 650 |
|
0 |
|a Tourism
|v Periodicals.
|
| 650 |
|
0 |
|a Tourism
|x Research
|v Periodicals.
|
| 650 |
|
7 |
|a Tourism.
|2 fast
|0 (OCoLC)fst01153142
|
| 650 |
|
7 |
|a Tourism
|x Research.
|2 fast
|0 (OCoLC)fst01153199
|
| 655 |
|
0 |
|a Electronic journals.
|
| 710 |
2 |
|
|a Universidad de Murcia.
|b Escuela Universitaria de Turismo.
|
| 776 |
0 |
8 |
|i Print version:
|t Cuadernos de turismo
|x 1139-7861
|w (DLC) 99124004
|w (OCoLC)42890827
|
| 856 |
4 |
0 |
|z Full text available from Research Library: 07/01/2014 to present
|u https://search.proquest.com/publication/2035771
|
| 856 |
4 |
0 |
|z Full text available from PRISMA Database with HAPI Index: 07/01/2014 to 07/31/2016
|u https://search.proquest.com/publication/2036011
|